<?xml version="1.0" encoding="UTF-8"?><?xml-stylesheet type="text/xsl" href="static/style.xsl"?><OAI-PMH xmlns="http://www.openarchives.org/OAI/2.0/" xmlns:xsi="http://www.w3.org/2001/XMLSchema-instance" xsi:schemaLocation="http://www.openarchives.org/OAI/2.0/ http://www.openarchives.org/OAI/2.0/OAI-PMH.xsd"><responseDate>2026-04-27T20:17:21Z</responseDate><request verb="GetRecord" identifier="oai:uvadoc.uva.es:10324/71128" metadataPrefix="marc">https://uvadoc.uva.es/oai/request</request><GetRecord><record><header><identifier>oai:uvadoc.uva.es:10324/71128</identifier><datestamp>2025-03-26T19:10:03Z</datestamp><setSpec>com_10324_1137</setSpec><setSpec>com_10324_931</setSpec><setSpec>com_10324_894</setSpec><setSpec>com_10324_1183</setSpec><setSpec>col_10324_1222</setSpec><setSpec>col_10324_1396</setSpec></header><metadata><record xmlns="http://www.loc.gov/MARC21/slim" xmlns:doc="http://www.lyncode.com/xoai" xmlns:xsi="http://www.w3.org/2001/XMLSchema-instance" xmlns:dcterms="http://purl.org/dc/terms/" xsi:schemaLocation="http://www.loc.gov/MARC21/slim http://www.loc.gov/standards/marcxml/schema/MARC21slim.xsd">
<leader>00925njm 22002777a 4500</leader>
<datafield tag="042" ind1=" " ind2=" ">
<subfield code="a">dc</subfield>
</datafield>
<datafield tag="720" ind1=" " ind2=" ">
<subfield code="a">Pozo Romero, María Isabel</subfield>
<subfield code="e">author</subfield>
</datafield>
<datafield tag="720" ind1=" " ind2=" ">
<subfield code="a">Herrero Villacorta, Baudilio</subfield>
<subfield code="e">author</subfield>
</datafield>
<datafield tag="720" ind1=" " ind2=" ">
<subfield code="a">Martín García, Jorge</subfield>
<subfield code="e">author</subfield>
</datafield>
<datafield tag="720" ind1=" " ind2=" ">
<subfield code="a">SantaMaría Becerril, Óscar</subfield>
<subfield code="e">author</subfield>
</datafield>
<datafield tag="720" ind1=" " ind2=" ">
<subfield code="a">Poveda Arias, Jorge</subfield>
<subfield code="e">author</subfield>
</datafield>
<datafield tag="260" ind1=" " ind2=" ">
<subfield code="c">2024</subfield>
</datafield>
<datafield tag="520" ind1=" " ind2=" ">
<subfield code="a">In the current need of optimizing agricultural production, endophytic fungi are increasingly seen as part of the solution. Trichoderma, subject of this review, colonizes the most external layers of the root, improving plant growth. This colonization also induces plant defenses, helping the plant to minimize pest damage. However, if the fungi enter vascular tissues, necrosis and nutrient competition occurs. Easily dispersed in the environment, the fungi may affect other targets, such as insects, if the spores manage to penetrate the insect cuticle. Mostly seen as a race for resources, space, and with a possible interplay of toxins, Trichoderma may act as a powerful bioinsecticide. Unforeseen effects on other organisms of the ecosystem and trophic chain that might get exposed are also reviewed.</subfield>
</datafield>
<datafield tag="024" ind2=" " ind1="8">
<subfield code="a">Current Opinion in Environmental Science &amp; Health, octubre 2024, vol. 41, 100566</subfield>
</datafield>
<datafield tag="024" ind2=" " ind1="8">
<subfield code="a">2468-5844</subfield>
</datafield>
<datafield tag="024" ind2=" " ind1="8">
<subfield code="a">https://uvadoc.uva.es/handle/10324/71128</subfield>
</datafield>
<datafield tag="024" ind2=" " ind1="8">
<subfield code="a">10.1016/j.coesh.2024.100566</subfield>
</datafield>
<datafield tag="245" ind1="0" ind2="0">
<subfield code="a">Evaluating potential side effects of Trichoderma as biocontrol agent: A two-edges sword?</subfield>
</datafield>
</record></metadata></record></GetRecord></OAI-PMH>